[Event "AUTO-OPEN-752"]
[Site "http://www.queenalice.com/game.php?id=371229"]
[Date "2008.3.14"]
[Round "2"]
[White "gibam"]
[Black "Casemiro"]
[Result "0-1"]
[WhiteElo "1675"]
[BlackElo "1855"]

1. e4 e5 2. Nf3 d6 3. Bc4 h6 4. Nc3 Nf6 5. d3 Bg4 6. h3 Bxf3 7. Qxf3 Be7 8. Qg3
g5 9. Bd2 a6 10. O-O-O c6 11. h4 gxh4 12. Rxh4 d5 13. exd5 Nxd5 14. Nxd5 Bxh4
15. Qxe5+ Kd7 16. Nb6+ Qxb6 17. Qxh8 Bxf2 18. Qf6 Bd4 19. Qxf7+ Kc8 20. Be6+ Nd7
21. Qxd7+ Kb8 0-1

[Event "AUTO-OPEN-1082"]
[Site "http://www.queenalice.com/game.php?id=382292"]
[Date "2008.4.4"]
[Round "1"]
[White "gibam"]
[Black "juim"]
[Result "1-0"]
[WhiteElo "1804"]
[BlackElo "1725"]

1. d4 a5 2. e4 d5 3. e5 e6 4. f4 Bb4+ 5. c3 Be7 6. a4 Nh6 7. g3 O-O 8. Nf3 Nc6
9. b3 b6 10. Ba3 Bxa3 11. Nxa3 Ng4 12. Bh3 Ne3 13. Qd2 Nf5 14. Bxf5 exf5 15. h4
f6 16. Nb5 Re8 17. h5 h6 18. O-O-O Bd7 19. exf6 gxf6 20. Rhg1 Ne7 21. Qd3 c6 22.
Nd6 Rf8 23. Nh2 Be6 24. Nb7 Qd7 25. Nc5 bxc5 26. dxc5 Rf7 27. Qd4 Qb7 28. Kc2
Rb8 29. Rb1 Qa6 30. Rg2 Rg7 31. Qxf6 Bd7 32. Qxh6 Be8 33. g4 Rh7 34. gxf5+ Kh8
35. Qf6+ 1-0

[Event "AUTO-OPEN-1082"]
[Site "http://www.queenalice.com/game.php?id=382293"]
[Date "2008.4.4"]
[Round "1"]
[White "juim"]
[Black "gibam"]
[Result "1-0"]
[WhiteElo "1702"]
[BlackElo "1818"]

1. e4 e5 2. d3 Bc5 3. Nf3 Qf6 4. Be2 h6 5. O-O Ne7 6. Nc3 c6 7. Na4 Bd6 8. d4 b5
9. dxe5 Bxe5 10. Nxe5 Qxe5 11. Nc3 Bb7 12. Qd3 a5 13. g3 b4 14. Bg4 bxc3 15. Bf4
Qb5 16. Qxc3 f6 17. e5 Nd5 18. a4 Qb6 19. Qa3 Nxf4 20. exf6 gxf6 21. Rfe1+ Kd8
22. Qe7+ Kc8 23. Rad1 Nd5 24. Qd6 Qd8 25. Bf3 Na6 26. Be2 Nac7 27. Bf3 h5 28. c4
Nb4 29. Re7 Kb8 30. Rxd7 Qc8 31. Qe7 Nba6 32. Rd8 Rxd8 33. Rxd8 Qxd8 34. Qxd8+
Ka7 35. Qxf6 Kb6 36. Bxh5 Nb4 37. Qe7 Re8 38. Bxe8 Nxe8 39. Qxe8 Kc5 40. b3 Na6
41. Qe1 Kb6 42. h4 Nc7 43. h5 1-0

[Event "AUTO-OPEN-1082"]
[Site "http://www.queenalice.com/game.php?id=382294"]
[Date "2008.4.4"]
[Round "1"]
[White "gibam"]
[Black "MrRonMosley"]
[Result "0-1"]
[WhiteElo "1855"]
[BlackElo "1568"]

1. d4 d5 2. Bf4 f6 3. Nc3 g5 4. Bg3 a6 5. h4 g4 6. Qd3 Bd7 7. f3 Nh6 8. O-O-O
Bb5 9. Nxb5 axb5 10. Qxb5+ c6 11. Qxb7 Rxa2 12. Bc7 Qd7 13. Qxb8+ Kf7 14. Kd2
Rxb2 15. Qxb2 Qxc7 16. fxg4 Nxg4 17. Nh3 Bh6+ 18. Kd3 Rb8 19. Qa3 Qg3+ 0-1

[Event "AUTO-OPEN-1082"]
[Site "http://www.queenalice.com/game.php?id=382295"]
[Date "2008.4.4"]
[Round "1"]
[White "MrRonMosley"]
[Black "gibam"]
[Result "1-0"]
[WhiteElo "1661"]
[BlackElo "1714"]

1. Nc3 e5 2. d3 d5 3. d4 e4 4. e3 f5 5. a4 a5 6. b3 b6 7. Bb2 Nc6 8. Bb5 Bd7 9.
Nxd5 Nf6 10. Nxf6+ Qxf6 11. Ra2 Qg5 12. g3 Bd6 13. h4 Qf6 14. d5 Ne5 15. Bxd7+
Kxd7 16. Ne2 Nf3+ 17. Kf1 Qg6 18. Nf4 Qg4 19. Kg2 Rhg8 20. c4 h5 21. Bc3 g5 22.
hxg5 Rxg5 23. Kf1 Bxf4 24. exf4 Rg6 25. Be5 h4 26. Rc2 h3 27. Rc3 h2 28. Rxf3
exf3 29. Rxh2 Rd8 30. Rh4 Qxh4 31. gxh4 Rdg8 32. Qxf3 Rg1+ 33. Ke2 R8g2 34. h5
Rh2 35. Bd4 Rgh1 36. d6 Rh4 37. Bf6 Rxh5 38. dxc7 R1h3 39. Qd5+ Kxc7 40. Be5+
Kc8 41. Qc6+ Kd8 42. Qxb6+ Ke8 43. Qxa5 R3h4 44. Ke3 Rh3+ 45. Ke2 Rxb3 46. Qa8+
Ke7 47. c5 Rc3 48. Bd6+ Ke6 49. Qe8+ Kd5 50. Qxh5 Rc2+ 51. Kd3 Rc4 52. Qxf5+ Kc6
53. Kxc4 Kb7 54. Kb5 Ka7 55. a5 Kb7 56. c6+ 1-0

[Event "AUTO-OPEN-1082"]
[Site "http://www.queenalice.com/game.php?id=382296"]
[Date "2008.4.4"]
[Round "1"]
[White "gibam"]
[Black "Jane"]
[Result "1-0"]
[WhiteElo "1780"]
[BlackElo "1590"]

1. d4 e6 2. e4 d5 3. e5 Bb4+ 4. c3 Ba5 5. b4 Bb6 6. a4 a5 7. b5 c6 8. Nf3 cxb5
9. Bxb5+ Bd7 10. Qd3 Bxb5 11. Qxb5+ Nd7 12. Ba3 Ne7 13. Nbd2 O-O 14. Qd3 Ng6 15.
O-O f6 16. Bxf8 Qxf8 17. exf6 Qxf6 18. Rae1 Nf4 19. Qb5 Rd8 20. Ne5 Nxe5 21.
dxe5 Qg5 22. g3 Nh3+ 23. Kg2 Qxd2 24. Qxb6 Rf8 25. Kxh3 Qxc3 26. Qxb7 g5 27. Qd7
d4 28. Qxe6+ Kh8 29. Rc1 Qf3 30. Rc8 Rxc8 31. Qxc8+ Kg7 32. Qg4 Qxg4+ 33. Kxg4
Kg6 34. Rd1 h5+ 35. Kf3 g4+ 36. Kf4 d3 37. Rxd3 Kf7 38. Kf5 Ke7 39. e6 h4 40.
Rd7+ Ke8 41. gxh4 g3 42. fxg3 Kf8 43. Ra7 Ke8 44. Kf6 Kd8 45. e7+ Ke8 46. Ra8+
Kd7 47. e8=Q+ Kc7 48. Rxa5 Kd6 49. Qe6+ Kc7 50. Rd5 Kb7 51. Rd7+ Kc8 52. Qe8#
1-0

[Event "AUTO-OPEN-1082"]
[Site "http://www.queenalice.com/game.php?id=382297"]
[Date "2008.4.4"]
[Round "1"]
[White "Jane"]
[Black "gibam"]
[Result "0-1"]
[WhiteElo "1629"]
[BlackElo "1809"]

1. e4 e5 2. Nf3 d6 3. Bc4 h6 4. d3 a6 5. Be3 Nf6 6. O-O Bd7 7. Nc3 c6 8. a3 b5
9. Ba2 g5 10. Nd2 Bg7 11. Qf3 Qe7 12. Bb3 a5 13. Bb6 a4 14. Ba2 O-O 15. d4 Bc8
16. Qe3 Ng4 17. Qf3 Na6 18. dxe5 Nxe5 19. Qd1 Be6 20. Bxe6 fxe6 21. h3 Ng6 22.
b3 axb3 23. cxb3 Bxc3 24. Rc1 Bxd2 25. Qxd2 Nb8 26. Ra1 c5 27. Qd3 Qb7 28. Qxd6
Ra6 29. Qxe6+ Kh7 30. Qg4 Rxb6 31. b4 c4 32. g3 Re8 33. a4 Rxe4 34. Qh5 Nd7 35.
a5 Ra6 36. f3 Re3 37. f4 Rxg3+ 38. Kh2 Qg2# 0-1

[Event "QA-ANNIV-03"]
[Site "http://www.queenalice.com/game.php?id=385494"]
[Date "2008.4.10"]
[Round "6"]
[White "robelix"]
[Black "gibam"]
[Result "1-0"]
[WhiteElo "2101"]
[BlackElo "1809"]

1. d4 d5 2. c4 c6 3. Nf3 Nf6 4. Nc3 g6 5. cxd5 Nxd5 6. e4 Nxc3 7. bxc3 Bg7 8.
Bc4 O-O 9. O-O b5 10. Bb3 a5 11. Ba3 a4 12. Bc2 Bb7 13. Qd2 Na6 14. Rad1 Re8 15.
Rfe1 e6 16. Qf4 Qc7 17. e5 Rad8 18. Bd6 Qc8 19. h4 h5 20. Ng5 Rd7 21. Ne4 Kh7
22. Ba3 Rg8 23. Bc1 Rdd8 24. Ng5+ Kh8 25. Nxf7+ Kh7 26. Qg5 Rd7 27. Qxg6# 1-0

[Event "AUTO-INT-435"]
[Site "http://www.queenalice.com/game.php?id=387920"]
[Date "2008.4.15"]
[Round "3"]
[White "jpzenitram"]
[Black "gibam"]
[Result "1-0"]
[WhiteElo "1841"]
[BlackElo "1677"]

1. e4 e5 2. f4 d6 3. d4 exd4 4. Qxd4 Nc6 5. Qc3 Bd7 6. Nf3 h6 7. Nbd2 f5 8. e5
Qe7 9. Nc4 Rh7 10. Bd2 g6 11. O-O-O Bg7 12. Re1 O-O-O 13. Na5 Nxa5 14. Qxa5 Kb8
15. Bb4 Qf7 16. exd6 Rc8 17. Ne5 Bxe5 18. fxe5 c6 19. Bc5 b6 20. Bxb6 Be8 21. e6
Qb7 22. Ba6 Qxb6 23. Qxb6+ axb6 24. Bxc8 Kxc8 25. d7+ Bxd7 26. exd7+ Kxd7 27.
Rd1+ Kc7 28. Rhe1 b5 29. b3 Ne7 30. Re6 Nd5 31. Rxg6 Nc3 32. Rdd6 Nxa2+ 33. Kb2
Nb4 34. c3 Nd5 35. Rxc6+ Kb7 36. Rxh6 Rxh6 37. Rxh6 Ne3 38. g3 1-0

[Event "AUTO-INT-435"]
[Site "http://www.queenalice.com/game.php?id=387921"]
[Date "2008.4.15"]
[Round "3"]
[White "gibam"]
[Black "jpzenitram"]
[Result "0-1"]
[WhiteElo "1668"]
[BlackElo "1850"]

1. e4 d6 2. d4 Nf6 3. Bd3 g6 4. Bf4 Bg7 5. Nf3 c5 6. d5 O-O 7. c4 Nh5 8. Be3 Na6
9. a3 Bxb2 10. Ra2 Bg7 11. Nbd2 b6 12. O-O Bg4 13. h3 Bd7 14. Be2 Qc8 15. Kh2
Nc7 16. a4 a6 17. Qc2 Rb8 18. Rg1 e6 19. g4 Nf6 20. Rg3 exd5 21. exd5 Bxg4 22.
hxg4 Nxg4+ 23. Kg2 Re8 24. Ng1 Nxe3+ 25. fxe3 Qd8 26. Ngf3 Rxe3 27. Ne4 Qe7 28.
Bd3 Re8 29. Kf2 Bd4 30. Kg2 f5 31. Neg5 Qf6 32. Ra3 Be5 33. Rh3 Re7 34. Kf2 Bf4
35. Nxh7 Rxh7 36. Rxh7 Kxh7 37. Qd1 Kg7 38. Ra2 Qc3 0-1

[Event "AUTO-INT-435"]
[Site "http://www.queenalice.com/game.php?id=387922"]
[Date "2008.4.15"]
[Round "3"]
[White "mauricio_sm"]
[Black "gibam"]
[Result "0-1"]
[WhiteElo "1709"]
[BlackElo "1797"]

1. e4 e5 2. Nf3 d6 3. d3 Nc6 4. Nc3 h6 5. g3 Nf6 6. Bg2 Bg4 7. h3 Bxf3 8. Bxf3
h5 9. Bg5 Be7 10. Bxf6 Bxf6 11. Bxh5 g6 12. Bf3 Qe7 13. Nd5 Qd8 14. Qe2 Nd4 15.
Qd1 Bg7 16. O-O Qd7 17. Kg2 Qxh3+ 0-1

[Event "AUTO-INT-435"]
[Site "http://www.queenalice.com/game.php?id=387923"]
[Date "2008.4.15"]
[Round "3"]
[White "gibam"]
[Black "mauricio_sm"]
[Result "0-1"]
[WhiteElo "1782"]
[BlackElo "1850"]

1. e4 e5 2. Nf3 d6 3. h3 Nf6 4. Bc4 h6 5. Nc3 Nc6 6. b3 Be7 7. Bb2 O-O 8. Nd5 a6
9. a4 Bd7 10. a5 Nxe4 11. Qe2 Nf6 12. Bc3 Be6 13. Nxe7+ Qxe7 14. O-O Bxc4 15.
Qxc4 Rfe8 16. Rfe1 Qe6 17. Qa4 e4 18. Nh2 Nd5 19. Bb2 Ncb4 20. Rac1 Nc6 21. c4
Nf4 22. Re3 Qg6 23. g3 Nxh3+ 24. Kf1 Qf5 25. f3 exf3 26. Rxf3 Qe4 27. Kg2 Ng5
28. Rc3 Nxf3 29. Rxf3 Qe1 30. Qa1 Qxd2+ 31. Kg1 Re1+ 32. Nf1 Rxa1 33. Bxa1 Qd1
34. Bb2 Qxf3 35. Bxg7 Kxg7 36. Nh2 Qxg3+ 37. Kh1 Re8 38. c5 Re1+ 39. Nf1 Rxf1#
0-1

[Event "AUTO-OPEN-729"]
[Site "http://www.queenalice.com/game.php?id=391656"]
[Date "2008.4.22"]
[Round "2"]
[White "arauca"]
[Black "gibam"]
[Result "1-0"]
[WhiteElo "2219"]
[BlackElo "1772"]

1. e4 e5 2. Nc3 c6 3. f4 d6 4. Bc4 Nf6 5. Nf3 Qd7 6. O-O b5 7. Bb3 a5 8. a4 b4
9. Ne2 c5 10. fxe5 Nxe4 11. d3 Ng3 12. Nxg3 Bb7 13. exd6 Bxd6 14. Qe2+ Be7 15.
Bxf7+ Kd8 16. Ng5 Kc7 17. Ne6+ Kb6 18. Be3 Na6 19. d4 Bf8 20. Rf5 g6 21. dxc5+
Kc6 22. Qb5# 1-0

[Event "AUTO-OPEN-729"]
[Site "http://www.queenalice.com/game.php?id=391657"]
[Date "2008.4.22"]
[Round "2"]
[White "gibam"]
[Black "arauca"]
[Result "0-1"]
[WhiteElo "1753"]
[BlackElo "2230"]

1. e4 d5 2. exd5 Qxd5 3. Nc3 Qd6 4. d4 Nf6 5. Nge2 c6 6. g3 Bf5 7. Bg2 e6 8. O-O
Nd5 9. Bd2 Be7 10. Qc1 O-O 11. a3 Nd7 12. b4 N7b6 13. Nxd5 cxd5 14. Bh6 gxh6 15.
Qxh6 Rfc8 16. Nf4 Rxc2 0-1

[Event "AUTO-OPEN-729"]
[Site "http://www.queenalice.com/game.php?id=391660"]
[Date "2008.4.22"]
[Round "2"]
[White "Roman"]
[Black "gibam"]
[Result "1-0"]
[WhiteElo "2041"]
[BlackElo "1666"]

1. e4 c5 2. Nf3 g6 3. d4 b6 4. d5 Bg7 5. Bc4 d6 6. O-O Ba6 7. Qd3 Bxc4 8. Qxc4
Nd7 9. Nc3 a6 10. Re1 Qb8 11. a4 Ngf6 12. Bd2 O-O 13. h3 Qb7 14. Rad1 b5 15.
axb5 axb5 16. Qxb5 Qxb5 17. Nxb5 Rab8 18. c4 Rb7 19. Bc3 Nb6 20. b3 Ra8 21. Ra1
Rab8 22. Na7 Nbd7 23. Nd2 Nxe4 24. Nxe4 Rxb3 25. Bxg7 Kxg7 26. Nc6 Re8 27. Nxd6
Rf8 28. Rxe7 Nf6 29. Raa7 Ng8 30. Rxf7+ Rxf7 31. Nxf7 Kf6 32. Nd6 Kg5 33. Rxh7
Rb1+ 34. Kh2 Re1 35. h4+ Kg4 36. f3+ Kf4 37. Ne4 Rc1 38. d6 Kf5 39. d7 Rxc4 40.
Nd6+ 1-0

[Event "AUTO-OPEN-729"]
[Site "http://www.queenalice.com/game.php?id=391661"]
[Date "2008.4.22"]
[Round "2"]
[White "gibam"]
[Black "Roman"]
[Result "0-1"]
[WhiteElo "1664"]
[BlackElo "2015"]

1. e4 c5 2. f4 d6 3. h3 Nf6 4. Nc3 e6 5. g4 d5 6. e5 Ne4 7. Nxe4 dxe4 8. Bg2
Qh4+ 9. Kf1 Nc6 10. c3 f5 11. Qe2 b6 12. d3 Ba6 13. c4 Nd4 14. Qd2 Bb7 15. b3
Rd8 16. Ne2 Nf3 17. Bxf3 Rxd3 18. Qe1 Rxf3+ 19. Kg2 Qxe1 20. Rxe1 Be7 21. g5
Bxg5 22. fxg5 e3 23. Kg1 Rxh3 24. Bxe3 Rxe3 25. Kf2 Re4 26. Nc3 Rf4+ 27. Ke3
Rf3+ 28. Kd2 O-O 29. Ke2 Rxc3 30. Kd2 Rg3 31. Rac1 Rxg5 32. Kc3 f4 33. Rc2 f3
34. Rf2 Rg2 35. Ref1 g5 36. Kd3 g4 37. Ke3 Rxf2 38. Rxf2 g3 39. Rf1 f2 40. a3 g2
41. Rxf2 g1=Q 42. Ke2 Qxf2+ 43. Kd1 Qe3 44. b4 Rf2 0-1

[Event "AUTO-OPEN-689"]
[Site "http://www.queenalice.com/game.php?id=402061"]
[Date "2008.5.12"]
[Round "2"]
[White "gibam"]
[Black "kulalking"]
[Result "0-1"]
[WhiteElo "1657"]
[BlackElo "2309"]

1. e4 e5 2. d4 exd4 3. Qxd4 Nc6 4. Qe3 d6 5. h3 Nf6 6. Nf3 Be7 7. Bd3 O-O 8. Nc3
Re8 9. Bd2 d5 10. O-O d4 11. Nxd4 Nxd4 12. a4 Bb4 13. Ne2 Nxc2 14. Bxc2 Bxd2 15.
Qf3 Qe7 16. Ng3 Qe5 17. Rad1 Bg5 18. Rfe1 Qxb2 19. Re2 Qe5 20. Bb3 Bf4 21. Rd5
Nxd5 22. exd5 Qa1+ 23. Kh2 Rxe2 24. Qxe2 Bd7 0-1

[Event "AUTO-OPEN-689"]
[Site "http://www.queenalice.com/game.php?id=402062"]
[Date "2008.5.12"]
[Round "2"]
[White "kulalking"]
[Black "gibam"]
[Result "1-0"]
[WhiteElo "2308"]
[BlackElo "1659"]

1. e4 e5 2. Nf3 d6 3. Bc4 h6 4. c3 Nf6 5. d4 Be7 6. dxe5 dxe5 7. Qb3 O-O 8. Nxe5
Qe8 9. Ng6 Nc6 10. Nxf8 Bxf8 11. Nd2 b6 12. Qc2 Bb7 13. O-O a6 14. f3 Na7 15.
Nb3 Rd8 16. Bf4 c5 17. Bc7 Rd7 18. Bxb6 Nc6 19. Nxc5 Bxc5+ 20. Bxc5 Qe5 21. Be3
Na5 22. Be2 Bc6 23. Bxa6 Ra7 24. Bxa7 1-0

[Event "QA-ANNIV-03"]
[Site "http://www.queenalice.com/game.php?id=413666"]
[Date "2008.6.5"]
[Round "7"]
[White "gibam"]
[Black "serrameira"]
[Result "1-0"]
[WhiteElo "1751"]
[BlackElo "1877"]

1. d4 Nf6 2. Bf4 d5 3. Nc3 a6 4. e3 Nc6 5. h3 e6 6. a3 Bd6 7. Bg5 h6 8. Bxf6
Qxf6 9. Nf3 O-O 10. Be2 Re8 11. Qd2 b5 12. b4 Bd7 13. Bd3 e5 14. O-O-O e4 15.
Nxd5 Qd8 16. g4 exd3 17. Qxd3 Ne7 18. Nc3 c6 19. Ne5 Nd5 20. Ne2 Bxe5 21. dxe5
Be6 22. e4 Nb6 23. Qc3 Qc7 24. Nd4 Rac8 25. Nxe6 Rxe6 26. Qb3 c5 27. Kb2 Na4+
28. Ka2 cxb4 29. axb4 Nc3+ 30. Kb2 Nxd1+ 31. Rxd1 Qxe5+ 32. Kc1 Qxe4 33. Qa3
Qf4+ 34. Kb2 Qxf2 35. Qb3 Rec6 36. Rc1 Qd4+ 37. Kb1 1-0

[Event "QA-ANNIV-03"]
[Site "http://www.queenalice.com/game.php?id=446323"]
[Date "2008.8.9"]
[Round "8"]
[White "gardez2005"]
[Black "gibam"]
[Result "1-0"]
[WhiteElo "2014"]
[BlackElo "1744"]

1. d4 d5 2. c4 Be6 3. c5 Nc6 4. e3 a6 5. Be2 h6 6. Nf3 Nf6 7. O-O b6 8. Qc2 b5
9. a3 g6 10. b4 Bg7 11. Bb2 O-O 12. Nbd2 Bf5 13. Bd3 Bxd3 14. Qxd3 e6 15. Rfd1
Qe7 16. Ne5 Nxe5 17. dxe5 Nd7 18. Nf3 c6 19. e4 Rad8 20. exd5 exd5 21. Bd4 Rde8
22. Re1 Qe6 23. Rad1 Kh7 24. h3 Bh8 25. Re2 Bg7 26. Rde1 Re7 27. Qd2 Rfe8 28.
Qf4 Kg8 29. Qg3 Kh7 30. Qh4 Kg8 31. Bc3 Nf8 32. Nd4 Qd7 33. f4 Nh7 34. Nf3 Qe6
35. g4 Qd7 36. f5 g5 37. Qg3 f6 38. e6 Qc8 39. Qd6 Bf8 40. h4 Rd8 41. Qh2 Bg7
42. hxg5 hxg5 43. Qh5 Bf8 44. Rh2 Qc7 45. Bxf6 Qg3+ 46. Rg2 Qxf3 47. Qg6+ Bg7
48. Bxe7 Rd7 49. exd7 Nf8 50. Bxf8 1-0

[Event "QA-ANNIV-03"]
[Site "http://www.queenalice.com/game.php?id=469810"]
[Date "2008.9.28"]
[Round "9"]
[White "TinyDemons"]
[Black "gibam"]
[Result "1-0"]
[WhiteElo "1814"]
[BlackElo "1758"]

1. d4 d5 2. c4 e6 3. c5 c6 4. Nf3 h6 5. e3 Nf6 6. Bd3 b6 7. b4 b5 8. Qc2 Qc7 9.
Ne5 Ba6 10. Bg6 fxg6 11. Qxg6+ Ke7 12. Qf7+ Kd8 13. Qxe6 Nbd7 14. Nf7+ Kc8 15.
Nxh8 g5 16. Ng6 Bg7 17. Ne5 Kb7 18. Nf7 Re8 19. Nd6+ 1-0